1249 1801 1211 1922 1922 1172 1160 1836 1051 1499 1916 1713 1012 1363 1402 1321 1809 1935 1586 1523 1939 1899 1246 1347 1942 1671 1507 1111 1220 1918 1195 1274 1360 1023 1064 1455 1241 1102 1087 1787 1296 1887 1840 1323 1472 1684 1480 1672 1166 1787 1242 1233 1596 1973 1785 1713 1215 1886 1598 1115 1450 1738 1757 1770 1105 1153 1799 1833 1722 1077 1564 1588 1390 1835 1682 1057 1749 1061 1204 1428 1388 1657 1969 1580 1294 1197 1447 1637 1258 1825 1422 1071 1676 1677 1965 1189 1687 1538 1336 BCNSPRNW ULIB Ver.6.0+V

เปลี่ยนเป็นภาษาไทย

Change to English
 แสดงรายละเอียดบรรณานุกรม
  กลับหน้าหลัก

Brief Record : Get Marc (ISO 2709) : E-mail record : QR code < ปิดหน้าต่าง
LEADER : 00000nam 2200000uu 4500
001    13399115085
003     ULIB
008    120709s2547||||th 000 0 tha d
020    ^a9789748123417
060 04 ^aW13^bร419ศ 2547
245 00 ^aศัพท์แพทยศาสตร์ อังกฤษ-ไทย ไทย-อังกฤษ ฉบับราชบัณฑิตยสถาน /
250    ^aพิมพ์ครั้งที่ 3
260    ^aกรุงเทพฯ :^bราชบัณฑิตยสถาน,^c2547
300    ^a(16), 1,313 หน้า ;^c22 ซม.
500    ^aSend to Single Search
650  4 ^aการแพทย์^xศัพท์บัญญัติ
650  4 ^aแพทยศาสตร์^xศัพท์บัญญัติ
650  4 ^aพจนานุกรมศัพท์แพทย์
710 2  ^aราชบัณฑิตยสถาน
945    ^p0^l0^i13554
945    ^p0^l0^i13555
995    ^aกัณชพร
999 ^a ใช้งานได้ทุกระบบ
รายการนี้ยังไม่มีแท็ก
คุณยังไม่ได้ล็อกอิน คุณสามารถมีกิจกรรมร่วมกับเว็บไซต์ได้ แต่ต้องล็อกอินก่อน ::
  ล็อกอิน

รายการสื่อสารสนเทศ

ลำดับที่ ประเภท เลขเรียก/บาร์โค้ด สถานที่ สถานะ
- ไม่พบข้อมูล -

รายการใกล้เคียง
    หัวเรื่อง [พจนานุกรมศัพท์แพทย์]

BibComment


ยังไม่เคยถูกคอมเมนท์

คอมเมนท์ทรัพยากรรายการนี้
  คอมเมนท์: ศัพท์แพทยศาสตร์ ..


 Copyright 2026. Bcnsprnw @Library